[Event "Play for Durgesh Fundraiser Blitz"]
[Site "Vishy Anand Arena"]
[Date "2020.09.19"]
[Round "2"]
[White "Mukunda2507"]
[Black "knowledge_gm"]
[Result "1-0"]
[WhiteElo "1661"]
[BlackElo "1909"]
[Annotator "NA"]
[PlyCount "79"]
[EventDate "2020.09.19"]
[EventType "swiss (blitz)"]

1. e4 e5 2. Nc3 Nf6 3. g3 c6 4. Bg2 d5 5. d3 Bb4 6. Bd2 O-O 7. a3 Ba5 8. Nge2 d4 9. Na2 Bc7 10. O-O c5 11. f4 h6 12. f5 Nc6 13. h3 b5 14. g4 c4 15. Ng3 Bb6 16. Kh2 a5 17. h4 Nh7 18. Kh3 f6 19. Qc1 Qe7 20. Nh5 Kh8 21. Bf3 Rf7 22. Rg1 Bd8 23. Bf4 exf4 24. Nxf4 Ne5 25. Ng6+ Kg8 26. Nxe7+ Rxe7 27. g5 Nxf3 28. gxf6 Nxg1+ 29. Qxg1 Nxf6 30. Qg6 Rf7 31. Rf1 Be7 32. Qxf7+ Kxf7 33. Rg1 g5 34. hxg5 hxg5 35. Rxg5 Bd7 36. Rg7+ Kxg7 37. e5 Rh8+ 38. Kg3 Rh3+ 39. Kf2 Bxf5 40. Kg1 1-0

[Event "Play for Durgesh Fundraiser Blitz"]
[Site "Vishy Anand Arena"]
[Date "2020.09.19"]
[Round "2"]
[White "Dicedeepak"]
[Black "Henrik"]
[Result "0-1"]
[WhiteElo "1656"]
[BlackElo "1799"]
[Annotator "NA"]
[PlyCount "64"]
[EventDate "2020.09.19"]
[EventType "swiss (blitz)"]
[BlackTeam "SK Gründau"]

1. e4 c6 2. d4 d5 3. e5 Bf5 4. c3 e6 5. Nf3 Qb6 6. Be2 c5 7. O-O Nd7 8. a4 Ne7 9. Na3 a6 10. Bd3 Bxd3 11. Qxd3 Nc6 12. Rb1 c4 13. Qd1 Bxa3 14. Be3 Be7 15. b3 cxb3 16. Rxb3 Qc7 17. Qb1 Na5 18. Rb2 h6 19. Nd2 O-O 20. h3 Rab8 21. Rc1 Nc4 22. Nxc4 Qxc4 23. Rcc2 b5 24. axb5 axb5 25. Qc1 Ba3 26. Qd2 Bxb2 27. Rxb2 Rfc8 28. Rc2 b4 29. Qd1 bxc3 30. Bd2 Rb3 31. Be3 Rcb8 32. Kh2 Rb2 0-1

[Event "Play for Durgesh Fundraiser Blitz"]
[Site "Vishy Anand Arena"]
[Date "2020.09.19"]
[Round "2"]
[White "Ragavesh"]
[Black "Junosource"]
[Result "0-1"]
[WhiteElo "1656"]
[BlackElo "2010"]
[Annotator "NA"]
[PlyCount "118"]
[EventDate "2020.09.19"]
[EventType "swiss (blitz)"]

1. e4 c5 2. Nf3 Nc6 3. d4 cxd4 4. Nxd4 g6 5. Nc3 Bg7 6. Be3 Nf6 7. Bc4 O-O 8. f3 Qb6 9. Bb3 Ng4 10. fxg4 Bxd4 11. Bxd4 Qxd4 12. Qxd4 Nxd4 13. O-O-O Nxb3+ 14. axb3 d6 15. h3 Be6 16. Nd5 Bxd5 17. exd5 Rfc8 18. Rhe1 Rc7 19. Kb1 b5 20. Rd2 a5 21. Rde2 Kf8 22. h4 b4 23. h5 a4 24. bxa4 Rxa4 25. hxg6 hxg6 26. g3 Ra5 27. Rd1 Rca7 28. c3 b3 29. Kc1 Ra1+ 30. Kd2 Rxd1+ 31. Kxd1 Ra4 32. Kd2 Rxg4 33. Re3 Rg5 34. Rd3 Rh5 35. c4 f5 36. Kc3 Rh3 37. Kd4 Kg7 38. Ke3 Kf6 39. Kd4 g5 40. c5 dxc5+ 41. Kxc5 f4 42. d6 exd6+ 43. Rxd6+ Kf5 44. Rd5+ Kg4 45. gxf4 gxf4 46. Rd8 Rh2 47. Rg8+ Kf3 48. Kc4 Rxb2 49. Kc3 Rb1 50. Rh8 Kg3 51. Rg8+ Kf2 52. Rf8 f3 53. Rf4 Ke2 54. Rb4 f2 55. Rxb3 Rxb3+ 56. Kxb3 f1=Q 57. Kc4 Qf4+ 58. Kb3 Qd4 59. Ka2 Qb4 0-1

[Event "Play for Durgesh Fundraiser Blitz"]
[Site "Vishy Anand Arena"]
[Date "2020.09.19"]
[Round "2"]
[White "Bharanidharan"]
[Black "Avi2454"]
[Result "1-0"]
[WhiteElo "1650"]
[BlackElo "1620"]
[Annotator "NA"]
[PlyCount "65"]
[EventDate "2020.09.19"]
[EventType "swiss (blitz)"]

1. e4 c6 2. d4 d5 3. exd5 cxd5 4. c4 Bf5 5. cxd5 Qxd5 6. Nc3 Qd8 7. Bb5+ Nc6 8. d5 a6 9. Bxc6+ bxc6 10. dxc6 Qxd1+ 11. Kxd1 Rc8 12. Nf3 Rxc6 13. Be3 e6 14. Nd4 Rd6 15. Ke2 Bg6 16. Rac1 Nf6 17. Rhd1 Be7 18. Nf3 Rxd1 19. Rxd1 O-O 20. Ne5 Bh5+ 21. f3 Nd5 22. Nxd5 exd5 23. Rxd5 Rd8 24. Nc6 Re8 25. Nxe7+ Kf8 26. Rxh5 Rxe7 27. Rxh7 g6 28. Kf2 Rc7 29. Bd4 Rc2+ 30. Kg3 Rd2 31. Bc3 Rd3 32. Rh8+ Ke7 33. Ra8 1-0

[Event "Play for Durgesh Fundraiser Blitz"]
[Site "Vishy Anand Arena"]
[Date "2020.09.19"]
[Round "2"]
[White "Sushruthareddy"]
[Black "Shreesuday"]
[Result "0-1"]
[WhiteElo "1642"]
[BlackElo "1620"]
[Annotator "NA"]
[PlyCount "58"]
[EventDate "2020.09.19"]
[EventType "swiss (blitz)"]

1. e4 e5 2. Nf3 Nc6 3. Nc3 Nf6 4. d4 exd4 5. Nxd4 Bb4 6. Nxc6 bxc6 7. Bd3 d5 8. exd5 cxd5 9. O-O O-O 10. Bg5 Bxc3 11. bxc3 h6 12. Bh4 Be6 13. Qf3 Qe7 14. Bxf6 Qxf6 15. Qxf6 gxf6 16. Rfe1 Rab8 17. Rab1 c5 18. h3 Kg7 19. Ra1 Rb2 20. Reb1 Rfb8 21. Rxb2 Rxb2 22. a4 c4 23. Be2 Rxc2 24. Bf3 Rxc3 25. Rb1 Rb3 26. Rxb3 cxb3 27. Bd1 d4 28. Kf1 d3 29. Ke1 b2 0-1

[Event "Play for Durgesh Fundraiser Blitz"]
[Site "Vishy Anand Arena"]
[Date "2020.09.19"]
[Round "2"]
[White "Tknayak101"]
[Black "ASB"]
[Result "0-1"]
[WhiteElo "1635"]
[BlackElo "2040"]
[Annotator "NA"]
[PlyCount "60"]
[EventDate "2020.09.19"]
[EventType "swiss (blitz)"]

1. e4 d5 2. exd5 Nf6 3. Nf3 Bg4 4. Be2 Qxd5 5. O-O Nc6 6. Nc3 Qd7 7. d3 O-O-O 8. Qe1 e5 9. Ne4 Nxe4 10. dxe4 f6 11. Be3 Bd6 12. Rd1 Kb8 13. c3 h5 14. h3 g5 15. Nh2 Bxh3 16. gxh3 Qxh3 17. Bf3 Rdg8 18. Bg2 Qe6 19. Kh1 g4 20. f4 h4 21. f5 Qf7 22. Rg1 g3 23. Nf3 h3 24. Bxh3 Rxh3+ 25. Kg2 Qh5 26. Rh1 Rh8 27. Qe2 Rxh1 28. Rxh1 Qxh1+ 29. Kxg3 Rg8+ 30. Kf2 Rg2# 0-1

[Event "Play for Durgesh Fundraiser Blitz"]
[Site "Vishy Anand Arena"]
[Date "2020.09.19"]
[Round "2"]
[White "SHANKHADEEP2006"]
[Black "Chnivas"]
[Result "1-0"]
[WhiteElo "1634"]
[BlackElo "1421"]
[Annotator "NA"]
[PlyCount "69"]
[EventDate "2020.09.19"]
[EventType "swiss (blitz)"]

1. e4 e6 2. d4 d5 3. exd5 exd5 4. Nf3 Nf6 5. Bd3 Be7 6. O-O O-O 7. Re1 c6 8. c3 Bg4 9. Qc2 Nbd7 10. Ne5 Bh5 11. f4 Re8 12. h3 Nf8 13. g4 Bg6 14. f5 Bh5 15. gxh5 Nxh5 16. Qg2 Bd6 17. Nd2 Bxe5 18. dxe5 Nf4 19. Qg3 Nxd3 20. Qxd3 Qh4 21. Qe3 Nd7 22. e6 fxe6 23. fxe6 Nf6 24. e7 Rab8 25. Kg2 Rbd8 26. exd8=Q Rxd8 27. Nf3 Qh5 28. Qe6+ Qf7 29. Qe7 Rf8 30. Qxf7+ Kxf7 31. Ng5+ Kg6 32. Re7 Ne4 33. Nxe4 dxe4 34. Rxe4 Rf7 35. Rg4+ 1-0

[Event "Play for Durgesh Fundraiser Blitz"]
[Site "Vishy Anand Arena"]
[Date "2020.09.19"]
[Round "2"]
[White "Rohit Tidke"]
[Black "Ghostly"]
[Result "0-1"]
[WhiteElo "1633"]
[BlackElo "1473"]
[Annotator "NA"]
[PlyCount "50"]
[EventDate "2020.09.19"]
[EventType "swiss (blitz)"]

1. e4 e5 2. Nf3 Nc6 3. Bc4 Bc5 4. b4 Bxb4 5. c3 Bc5 6. d4 exd4 7. O-O Nf6 8. e5 Ne4 9. cxd4 Bxd4 10. Nxd4 Nxd4 11. Qxd4 O-O 12. Qxe4 d5 13. Bxd5 c6 14. Bb3 Be6 15. Bxe6 fxe6 16. Bb2 Rc8 17. Nc3 Qe7 18. Rad1 Rfd8 19. Rxd8+ Rxd8 20. Rd1 Rxd1+ 21. Nxd1 Qd8 22. Ne3 b5 23. Qxc6 b4 24. Qxe6+ Kh8 25. Nf5 Qd1# 0-1

[Event "Play for Durgesh Fundraiser Blitz"]
[Site "Vishy Anand Arena"]
[Date "2020.09.19"]
[Round "2"]
[White "Chess98c"]
[Black "Vivaan_r_2204"]
[Result "0-1"]
[WhiteElo "1630"]
[BlackElo "1620"]
[Annotator "NA"]
[PlyCount "66"]
[EventDate "2020.09.19"]
[EventType "swiss (blitz)"]

1. e4 e5 2. Nf3 Nc6 3. Bc4 h6 4. d4 Bd6 5. dxe5 Nxe5 6. Nxe5 Bxe5 7. Qd5 Qe7 8. O-O Nf6 9. Qd3 O-O 10. f4 d5 11. exd5 Bd6 12. Nc3 Bh3 13. gxh3 Nh5 14. Be3 Qh4 15. Ne4 Qxh3 16. Nxd6 Qg4+ 17. Kf2 cxd6 18. Qe2 Qh4+ 19. Kf3 Qh3+ 20. Kf2 Rae8 21. Qf3 Qxh2+ 22. Qg2 Qh4+ 23. Qg3 Qxg3+ 24. Ke2 Qg2+ 25. Kd3 Rxe3+ 26. Kxe3 Qg3+ 27. Rf3 Qg2 28. Raf1 Re8+ 29. Kd4 Qd2+ 30. Bd3 Qb4+ 31. Bc4 Qb6+ 32. Kc3 Qa5+ 33. b4 Qa3+ 0-1

[Event "Play for Durgesh Fundraiser Blitz"]
[Site "Vishy Anand Arena"]
[Date "2020.09.19"]
[Round "2"]
[White "ArunaD"]
[Black "Lightning McQueen"]
[Result "0-1"]
[WhiteElo "1626"]
[BlackElo "1701"]
[Annotator "NA"]
[PlyCount "74"]
[EventDate "2020.09.19"]
[EventType "swiss (blitz)"]

1. f4 d5 2. Nf3 Nc6 3. e3 Bg4 4. Bb5 a6 5. Bxc6+ bxc6 6. h3 Bxf3 7. Qxf3 Nf6 8. b3 e6 9. Bb2 c5 10. Nc3 Bd6 11. e4 dxe4 12. Nxe4 Nxe4 13. Qxe4 O-O 14. O-O-O a5 15. f5 exf5 16. Qxf5 a4 17. Qg4 f6 18. Rhf1 axb3 19. cxb3 Be5 20. d4 cxd4 21. Bxd4 Bxd4 22. Rxd4 Qe7 23. Re4 Qa3+ 24. Kd1 Qxa2 25. Re7 Qxb3+ 26. Ke1 Qb1+ 27. Kf2 Qg6 28. Qe6+ Kh8 29. Rxc7 Rfe8 30. Re7 Rxe7 31. Qxe7 Ra2+ 32. Ke3 Qg5+ 33. Kd3 Ra3+ 34. Qxa3 Qg3+ 35. Rf3 Qb8 36. Qe7 Qb5+ 37. Ke3 Qb6+ 0-1

[Event "Play for Durgesh Fundraiser Blitz"]
[Site "Vishy Anand Arena"]
[Date "2020.09.19"]
[Round "2"]
[White "Architsaigal"]
[Black "Big_lion"]
[Result "1-0"]
[WhiteElo "1622"]
[BlackElo "1620"]
[Annotator "NA"]
[PlyCount "55"]
[EventDate "2020.09.19"]
[EventType "swiss (blitz)"]

1. e4 g6 2. d4 d6 3. c4 Nf6 4. Nc3 Bg7 5. f4 Bg4 6. Nf3 O-O 7. Be2 c5 8. d5 b6 9. O-O Nbd7 10. Re1 a6 11. e5 dxe5 12. fxe5 Bxf3 13. Bxf3 Nh5 14. Bxh5 gxh5 15. e6 Ne5 16. exf7+ Rxf7 17. Qxh5 Qd7 18. Bh6 Qg4 19. Qxg4 Nxg4 20. Bxg7 Rxg7 21. Re4 Nf6 22. Re6 Rb8 23. Rae1 Rb7 24. d6 h5 25. dxe7 h4 26. e8=Q+ Nxe8 27. Rxe8+ Kh7 28. h3 1-0

[Event "Play for Durgesh Fundraiser Blitz"]
[Site "Vishy Anand Arena"]
[Date "2020.09.19"]
[Round "2"]
[White "NJ2004"]
[Black "Spoorthikiran"]
[Result "1-0"]
[WhiteElo "1622"]
[BlackElo "1620"]
[Annotator "NA"]
[PlyCount "49"]
[EventDate "2020.09.19"]
[EventType "swiss (blitz)"]

1. e4 e5 2. Nf3 Nc6 3. Bb5 Nce7 4. Nxe5 c6 5. Qf3 Nf6 6. Bc4 d5 7. exd5 cxd5 8. Bb5+ Bd7 9. Bxd7+ Qxd7 10. Nxd7 Nxd7 11. O-O g6 12. Nc3 Bg7 13. Nxd5 Nxd5 14. Qxd5 Rd8 15. Re1+ Ne5 16. Rxe5+ Bxe5 17. Qxe5+ Kf8 18. Qxh8+ Ke7 19. Qxh7 Rd6 20. d3 Re6 21. Bg5+ Kd6 22. Kf1 Kd5 23. Qxf7 Kd6 24. Bf4+ Kd5 25. c4+ 1-0

[Event "Play for Durgesh Fundraiser Blitz"]
[Site "Vishy Anand Arena"]
[Date "2020.09.19"]
[Round "2"]
[White "AAKASH M H"]
[Black "Soham Sheogekar"]
[Result "0-1"]
[WhiteElo "1620"]
[BlackElo "1620"]
[Annotator "NA"]
[PlyCount "80"]
[EventDate "2020.09.19"]
[EventType "swiss (blitz)"]

1. e4 c5 2. Nf3 Nc6 3. d4 cxd4 4. Nxd4 Nxd4 5. Qxd4 Nf6 6. Nc3 e6 7. Be2 d5 8. exd5 exd5 9. O-O Be7 10. Bf4 O-O 11. Rad1 Be6 12. Nb5 a6 13. Nc7 Rc8 14. Nxe6 fxe6 15. Rfe1 Ne4 16. g3 Rxc2 17. Bd3 Rc6 18. Bxe4 dxe4 19. Qxe4 Qc8 20. Be5 Bf6 21. Bd6 Rd8 22. Be5 Rxd1 23. Rxd1 Bxe5 24. Qxe5 Rc1 25. Rxc1 Qxc1+ 26. Kg2 Qc6+ 27. Kh3 Qb6 28. Qb8+ Kf7 29. Qf4+ Kg8 30. Qd2 Kf7 31. Qc3 Kg8 32. f4 Kf7 33. g4 h6 34. Kh4 Qb5 35. Qc7+ Kg6 36. Qc2+ Kf7 37. f5 g5+ 38. Kh5 Qe8 39. fxe6+ Qxe6 40. Qg6+ Qxg6# 0-1

[Event "Play for Durgesh Fundraiser Blitz"]
[Site "Vishy Anand Arena"]
[Date "2020.09.19"]
[Round "2"]
[White "Aryam_2006"]
[Black "aaryan jogalekar"]
[Result "1-0"]
[WhiteElo "1620"]
[BlackElo "1454"]
[Annotator "NA"]
[PlyCount "53"]
[EventDate "2020.09.19"]
[EventType "swiss (blitz)"]

1. e4 e5 2. Nf3 Nc6 3. Bb5 Nf6 4. O-O d6 5. Re1 a6 6. Ba4 b5 7. Bb3 Be7 8. h3 O-O 9. c3 a5 10. d4 exd4 11. cxd4 a4 12. Bc2 Ra6 13. Nc3 Nb4 14. Nxb5 Nxc2 15. Qxc2 c6 16. Nc3 Bd7 17. Bg5 Re8 18. Nxa4 c5 19. Nc3 cxd4 20. Nxd4 Qc7 21. Qe2 Be6 22. Qxa6 d5 23. Nxe6 fxe6 24. Qxe6+ Kh8 25. exd5 Bd8 26. Qxe8+ Nxe8 27. Rxe8# 1-0

[Event "Play for Durgesh Fundraiser Blitz"]
[Site "Vishy Anand Arena"]
[Date "2020.09.19"]
[Round "2"]
[White "DrVykterstein"]
[Black "RACEKING"]
[Result "0-1"]
[WhiteElo "1620"]
[BlackElo "2418"]
[PlyCount "44"]
[EventDate "2020.09.19"]
[EventType "swiss (blitz)"]

1. d4 d5 2. c4 e6 3. Nf3 Nf6 4. a3 dxc4 5. Nc3 a6 6. e4 b5 7. Bg5 Be7 8. Be2 Bb7 9. e5 Nd5 10. Bxe7 Qxe7 11. Nxd5 Bxd5 12. O-O O-O 13. Qc2 c5 14. dxc5 Nd7 15. b4 cxb3 16. Qc3 Qxc5 17. Qb2 Rac8 18. Rfc1 Qb6 19. Rd1 Rc2 20. Qd4 Rxe2 21. Qd3 Qxf2+ 22. Kh1 Qxg2# 0-1

[Event "Play for Durgesh Fundraiser Blitz"]
[Site "Vishy Anand Arena"]
[Date "2020.09.19"]
[Round "2"]
[White "Evilgenuisfanop2"]
[Black "vickey"]
[Result "1-0"]
[WhiteElo "1620"]
[BlackElo "1620"]
[Annotator "NA"]
[PlyCount "65"]
[EventDate "2020.09.19"]
[EventType "swiss (blitz)"]

1. e4 e5 2. Bc4 Nc6 3. Qf3 Qf6 4. Nc3 Nd4 5. Qxf6 Nxf6 6. Bb3 a5 7. Nf3 a4 8. Nxd4 exd4 9. Nb5 Kd8 10. Bd5 c6 11. Nxd4 cxd5 12. exd5 Nxd5 13. O-O Bc5 14. Nf3 Re8 15. d4 Ba7 16. Ne5 Ke7 17. Re1 Kf8 18. c3 d6 19. Nf3 Rxe1+ 20. Nxe1 Nf6 21. Bg5 Ne4 22. Be3 Nf6 23. Nd3 Bf5 24. Nb4 b5 25. Bf4 Bb8 26. Re1 Bg6 27. Nc6 Bc7 28. h3 a3 29. b3 Ra6 30. Nb4 Ra8 31. c4 bxc4 32. bxc4 Bb8 33. d5 1-0

[Event "Play for Durgesh Fundraiser Blitz"]
[Site "Vishy Anand Arena"]
[Date "2020.09.19"]
[Round "2"]
[White "Frozen213"]
[Black "Ravs_rams"]
[Result "0-1"]
[WhiteElo "1620"]
[BlackElo "1460"]
[Annotator "NA"]
[PlyCount "68"]
[EventDate "2020.09.19"]
[EventType "swiss (blitz)"]

1. e4 e5 2. d4 exd4 3. Bc4 Be7 4. c3 c6 5. cxd4 d5 6. exd5 cxd5 7. Bb3 Nf6 8. Nc3 O-O 9. Nf3 Re8 10. O-O Be6 11. Bg5 Nc6 12. Qe2 Bb4 13. Qd3 h6 14. Bh4 Be7 15. h3 Nb4 16. Qb5 Bd7 17. Qe2 Ne4 18. Bxe7 Rxe7 19. Rae1 Nc6 20. Nxe4 dxe4 21. Nd2 Nxd4 22. Qe3 Nxb3 23. axb3 Bc6 24. Rd1 Rd7 25. Qe2 a6 26. Rfe1 f5 27. f3 Bb5 28. Qf2 exf3 29. Qf1 Bxf1 30. Kxf1 Rxd2 31. Rxd2 Qxd2 32. gxf3 Qd3+ 33. Re2 Re8 34. Ke1 Qxe2# 0-1

[Event "Play for Durgesh Fundraiser Blitz"]
[Site "Vishy Anand Arena"]
[Date "2020.09.19"]
[Round "2"]
[White "Gskaavya"]
[Black "Yutikareddi"]
[Result "1-0"]
[WhiteElo "1620"]
[BlackElo "1620"]
[Annotator "NA"]
[PlyCount "49"]
[EventDate "2020.09.19"]
[EventType "swiss (blitz)"]

1. e4 e5 2. Nf3 Nc6 3. Bc4 Nf6 4. Ng5 Rg8 5. Bxf7+ Ke7 6. Bxg8 Ke8 7. Bb3 Qe7 8. O-O Qc5 9. d3 Nd4 10. Be3 d6 11. c3 Ne2+ 12. Qxe2 Qc6 13. Nd2 Qd7 14. d4 h6 15. Ngf3 Qc6 16. d5 Qd7 17. Qd1 Qd8 18. Qc2 Bd7 19. c4 Bh3 20. gxh3 Nh5 21. Kh1 Qf6 22. Ba4+ Kd8 23. Rg1 Qf7 24. Nh4 c6 25. Nf5 1-0

[Event "Play for Durgesh Fundraiser Blitz"]
[Site "Vishy Anand Arena"]
[Date "2020.09.19"]
[Round "2"]
[White "H809"]
[Black "Terryr"]
[Result "0-1"]
[WhiteElo "1620"]
[BlackElo "2479"]
[Annotator "NA"]
[PlyCount "44"]
[EventDate "2020.09.19"]
[EventType "swiss (blitz)"]

1. e4 e6 2. d4 d5 3. exd5 exd5 4. Bd3 Nc6 5. c3 Bd6 6. Nf3 Bg4 7. Bg5 Bxf3 8. Bxd8 Bxd1 9. Bh4 Bh5 10. O-O Bg6 11. Bxg6 hxg6 12. Bg3 Bxg3 13. fxg3 Nf6 14. Nd2 O-O 15. Nb3 Rae8 16. Nc5 b6 17. Nb3 Re2 18. Rf2 Rfe8 19. Rd1 Rxf2 20. Kxf2 Ng4+ 21. Kg1 Re2 22. Rb1 Ne3 0-1

[Event "Play for Durgesh Fundraiser Blitz"]
[Site "Vishy Anand Arena"]
[Date "2020.09.19"]
[Round "2"]
[White "Hemanthagowda23"]
[Black "Gk06"]
[Result "0-1"]
[WhiteElo "1620"]
[BlackElo "2537"]
[Annotator "NA"]
[PlyCount "80"]
[EventDate "2020.09.19"]
[EventType "swiss (blitz)"]

1. e4 c6 2. d4 d5 3. exd5 cxd5 4. Nc3 Nf6 5. h3 Nc6 6. Nf3 Bf5 7. Bf4 e6 8. a3 Bd6 9. Ne5 O-O 10. Bd3 Nxd4 11. Bxf5 Nxf5 12. O-O d4 13. Ne2 Nd5 14. Bh2 Qc7 15. Nf3 Bxh2+ 16. Nxh2 Rfd8 17. Nxd4 Nf4 18. Nb5 Qe5 19. Qf3 Ne2+ 20. Kh1 Qxb5 21. a4 Qc4 22. b3 Qxc2 23. Ng4 Ned4 24. Qxb7 Qxb3 25. Qe4 Qd5 26. Qd3 Rac8 27. Rab1 h5 28. Ne3 Nxe3 29. fxe3 Nf5 30. Qe2 Ng3+ 31. Kh2 Nxe2 32. Rbd1 Qe5+ 33. Kh1 Ng3+ 34. Kg1 Qxe3+ 35. Kh2 Nxf1+ 36. Rxf1 Rc2 37. Kh1 Rxg2 38. Kxg2 Rd2+ 39. Kh1 Qxh3+ 40. Kg1 Qh2# 0-1

[Event "Play for Durgesh Fundraiser Blitz"]
[Site "Vishy Anand Arena"]
[Date "2020.09.19"]
[Round "2"]
[White "IshaanKher"]
[Black "Mraa"]
[Result "0-1"]
[WhiteElo "1620"]
[BlackElo "1467"]
[Annotator "NA"]
[PlyCount "60"]
[EventDate "2020.09.19"]
[EventType "swiss (blitz)"]

1. e4 c5 2. Qf3 d6 3. Bc4 Nf6 4. d3 e6 5. Bg5 Be7 6. Bxf6 Bxf6 7. Nd2 Bxb2 8. Rb1 Bf6 9. Ne2 a6 10. O-O Qc7 11. Qe3 b5 12. Bb3 Bb7 13. d4 c4 14. Bxc4 bxc4 15. d5 e5 16. Qb6 Qxb6 17. Rxb6 Bc8 18. Rb7 Bxb7 19. Nxc4 Be7 20. f4 O-O 21. fxe5 dxe5 22. Nxe5 Bc8 23. Nc6 Nxc6 24. dxc6 Be6 25. Nd4 Bc5 26. Rd1 Rfd8 27. c7 Bxd4+ 28. Kf1 Bc4+ 29. Ke1 Bc3+ 30. Rd2 Rxd2 0-1

[Event "Play for Durgesh Fundraiser Blitz"]
[Site "Vishy Anand Arena"]
[Date "2020.09.19"]
[Round "2"]
[White "Jaivick123"]
[Black "Nisanth2107"]
[Result "0-1"]
[WhiteElo "1620"]
[BlackElo "1589"]
[Annotator "NA"]
[PlyCount "24"]
[EventDate "2020.09.19"]
[EventType "swiss (blitz)"]

1. e4 e5 2. Nf3 Nc6 3. Bc4 Nf6 4. O-O Bc5 5. Nc3 d6 6. d3 Bg4 7. h3 Bh5 8. Qd2 Bxf3 9. gxf3 Nh5 10. a3 Nf4 11. Qe1 Qg5+ 12. Kh1 Qg2# 0-1

[Event "Play for Durgesh Fundraiser Blitz"]
[Site "Vishy Anand Arena"]
[Date "2020.09.19"]
[Round "2"]
[White "Kaushik kh"]
[Black "RAGHAVS245"]
[Result "1-0"]
[WhiteElo "1620"]
[BlackElo "1620"]
[Annotator "NA"]
[PlyCount "57"]
[EventDate "2020.09.19"]
[EventType "swiss (blitz)"]

1. e4 d5 2. exd5 Qxd5 3. Nc3 Qd8 4. d4 Nc6 5. Nf3 Nf6 6. Bb5 Bd7 7. O-O e6 8. Bxc6 Bxc6 9. Ne5 Bd6 10. Nxc6 bxc6 11. Re1 O-O 12. Ne4 Nxe4 13. Rxe4 f5 14. Re3 Qg5 15. Rh3 Qf6 16. c3 Qe5 17. dxe5 Bxe5 18. Re3 Rfd8 19. Qe2 Bf6 20. Rxe6 Kf7 21. Rxc6 Re8 22. Qc4+ Kg6 23. h3 Re1+ 24. Kh2 Rae8 25. Rxc7 Bg5 26. Qf7+ Kh6 27. Qxg7+ Kh5 28. Qxh7+ Bh6 29. Qxh6# 1-0

[Event "Play for Durgesh Fundraiser Blitz"]
[Site "Vishy Anand Arena"]
[Date "2020.09.19"]
[Round "2"]
[White "Khs95"]
[Black "pranay20"]
[Result "1-0"]
[WhiteElo "1620"]
[BlackElo "1463"]
[Annotator "NA"]
[PlyCount "37"]
[EventDate "2020.09.19"]
[EventType "swiss (blitz)"]

1. e4 c5 2. b3 Nf6 3. e5 Nd5 4. c3 e6 5. d4 cxd4 6. cxd4 b6 7. Nf3 Bb7 8. a3 Be7 9. Bd3 Nc6 10. b4 d6 11. O-O O-O 12. Qc2 h6 13. Nc3 dxe5 14. dxe5 Ndxb4 15. axb4 Nxb4 16. Bh7+ Kh8 17. Qb1 Rc8 18. Ne4 Kxh7 19. Nf6+ 1-0

[Event "Play for Durgesh Fundraiser Blitz"]
[Site "Vishy Anand Arena"]
[Date "2020.09.19"]
[Round "2"]
[White "Kmistry999"]
[Black "Invokeanand"]
[Result "0-1"]
[WhiteElo "1620"]
[BlackElo "1478"]
[Annotator "NA"]
[PlyCount "52"]
[EventDate "2020.09.19"]
[EventType "swiss (blitz)"]

1. e4 e5 2. Nf3 Nc6 3. Bb5 Nf6 4. d3 a6 5. Bxc6 dxc6 6. O-O Bg4 7. h3 Bh5 8. Bg5 Be7 9. g4 Bg6 10. Nxe5 Qd6 11. Bf4 Qd4 12. c3 Qc5 13. Be3 Qb5 14. b4 O-O-O 15. Na3 Qb6 16. d4 Nxe4 17. Nac4 Qb5 18. Nxg6 hxg6 19. Ne5 Rxh3 20. Nxf7 Nxc3 21. Qc2 Rf8 22. Ne5 Bd6 23. Qxc3 Bxe5 24. dxe5 Qe2 25. Rae1 Qf3 26. Re2 Qh1# 0-1

[Event "Play for Durgesh Fundraiser Blitz"]
[Site "Vishy Anand Arena"]
[Date "2020.09.19"]
[Round "2"]
[White "LegendBoy6"]
[Black "Palakchaurasia"]
[Result "1-0"]
[WhiteElo "1620"]
[BlackElo "1353"]
[Annotator "NA"]
[PlyCount "55"]
[EventDate "2020.09.19"]
[EventType "swiss (blitz)"]

1. e4 e5 2. d4 Nc6 3. d5 Nb4 4. a3 Na6 5. Nc3 Nf6 6. Bg5 Be7 7. Nf3 d6 8. Bd3 Bg4 9. O-O Bxf3 10. Qxf3 O-O 11. Be3 b6 12. Bxa6 Rb8 13. Qe2 Qd7 14. Bb5 Qd8 15. Bc6 a5 16. f4 exf4 17. Bxf4 Rc8 18. e5 dxe5 19. Bxe5 Rb8 20. Nb5 Rc8 21. Na7 Rb8 22. Bb5 Nxd5 23. Nc6 Qc8 24. Nxb8 Qxb8 25. Bc6 Nf6 26. Bxf6 Bxf6 27. Rxf6 gxf6 28. Qg4+ 1-0

[Event "Play for Durgesh Fundraiser Blitz"]
[Site "Vishy Anand Arena"]
[Date "2020.09.19"]
[Round "2"]
[White "Manasa_chess lady"]
[Black "Sml_hari"]
[Result "1-0"]
[WhiteElo "1620"]
[BlackElo "1598"]
[Annotator "NA"]
[PlyCount "113"]
[EventDate "2020.09.19"]
[EventType "swiss (blitz)"]

1. e4 e6 2. d4 d5 3. exd5 exd5 4. Bd3 Bd6 5. c3 Ne7 6. Nf3 c6 7. h3 Bf5 8. Qc2 Bxd3 9. Qxd3 Nd7 10. O-O O-O 11. Nbd2 h6 12. Re1 Rc8 13. Nf1 Ng6 14. Qf5 Qc7 15. Bd2 Rce8 16. Ne3 Re4 17. Ng4 Rfe8 18. Bxh6 Rxe1+ 19. Rxe1 Rxe1+ 20. Nxe1 Ndf8 21. Nf3 gxh6 22. Qf6 Qe7 23. Nxh6+ Kh7 24. Qxf7+ Qxf7 25. Nxf7 Bf4 26. N7e5 Bxe5 27. dxe5 Kg7 28. Kf1 Kf7 29. Ke2 Ke6 30. h4 Nxe5 31. Ng5+ Kf5 32. f3 Nfg6 33. g4+ Kf4 34. Ne6+ Kg3 35. h5 Nf4+ 36. Nxf4 Kxf4 37. h6 Ng6 38. h7 c5 39. b3 b5 40. a4 a6 41. axb5 axb5 42. b4 c4 43. Kf2 Nh8 44. Ke2 Nf7 45. Kf2 Ke5 46. Ke3 Nh8 47. f4+ Ke6 48. f5+ Ke5 49. f6 Kxf6 50. Kd4 Kg5 51. Kxd5 Kxg4 52. Kc5 Kf5 53. Kxb5 Ke5 54. Kxc4 Kf6 55. Kc5 Kg7 56. b5 Nf7 57. b6 1-0

[Event "Play for Durgesh Fundraiser Blitz"]
[Site "Vishy Anand Arena"]
[Date "2020.09.19"]
[Round "2"]
[White "Nalini Agarwala"]
[Black "Sonia19861"]
[Result "1-0"]
[WhiteElo "1620"]
[BlackElo "1457"]
[Annotator "NA"]
[PlyCount "59"]
[EventDate "2020.09.19"]
[EventType "swiss (blitz)"]

1. e4 e5 2. Nc3 Nf6 3. Nf3 Nc6 4. Bc4 Bc5 5. Ng5 O-O 6. O-O h6 7. Bxf7+ Rxf7 8. Nxf7 Kxf7 9. d3 d6 10. a3 Bg4 11. Qe1 Nd4 12. Qd2 Nh5 13. b4 Bb6 14. Nd5 Bh3 15. gxh3 Nf3+ 16. Kh1 Nxd2 17. Bxd2 Kg8 18. Rg1 c6 19. Nxb6 Qxb6 20. Raf1 Qc7 21. c4 Qf7 22. a4 Qf3+ 23. Rg2 Qxh3 24. Rfg1 Qf3 25. h4 Rf8 26. Kh2 g5 27. hxg5 Nf4 28. Bxf4 exf4 29. gxh6+ Kh7 30. Rg5 1-0

[Event "Play for Durgesh Fundraiser Blitz"]
[Site "Vishy Anand Arena"]
[Date "2020.09.19"]
[Round "2"]
[White "Niru_g"]
[Black "Shashank N D"]
[Result "1-0"]
[WhiteElo "1620"]
[BlackElo "1381"]
[Annotator "NA"]
[PlyCount "59"]
[EventDate "2020.09.19"]
[EventType "swiss (blitz)"]

1. d4 d5 2. c4 dxc4 3. Bf4 e6 4. e3 Nf6 5. Bxc4 Bb4+ 6. Nc3 Bxc3+ 7. bxc3 O-O 8. Nf3 Nc6 9. O-O Re8 10. h3 Nd7 11. Qc2 e5 12. Bg5 Nf6 13. Qb3 Be6 14. d5 Bxd5 15. Bxf6 Bxc4 16. Bxd8 Bxb3 17. Bxc7 e4 18. axb3 exf3 19. gxf3 Rac8 20. Bf4 Ne5 21. c4 Nxf3+ 22. Kg2 Nd2 23. Rfd1 Nxb3 24. Rxa7 Rxc4 25. Rxb7 h6 26. Rdd7 Rf8 27. Rxb3 g5 28. Bd6 Re8 29. Rbb7 f5 30. Rg7+ 1-0